Countries With The Most Domestic Dogs - Statistics

General Stats
  • This quiz has been taken 85 times
  • The average score is 7 of 10
Answer Stats
# of Dogs Country % Correct
69,929,000 United States
97%
27,400,000 China
96%
12,000,000 Japan
88%
10,200,000 India
85%
9,000,000 United Kingdom
85%
7,570,000 France
81%
12,520,000 Russia
81%
9,200,000 Argentina
28%
11,600,000 Philippines
18%
7,400,000 South Africa
17%
No matching quizzes found
Score Distribution
Percent of People with Each Score
Percentile by Number Answered
Your Score History
You have not taken this quiz